A handlist of rhetorical terms

Spremljeno u:
Bibliografski detalji
Glavni autor: Lanham, Richard A (Autor)
Format: Knjiga
Jezik:engleski
Izdano: Berkeley University of California 1991
Izdanje:3a. ed
Teme:
Oznake: Dodaj oznaku
Bez oznaka, Budi prvi tko označuje ovaj zapis!

MARC

LEADER 00000nam a2200000 a 4500
001 UCI8438
003 CL-VaPUC
008 080904e19910000us |||||||||||||||||eng|d
020 |a 9780520076693 
082 0 4 |a 808  |b LAN  |2 21 
100 |a Lanham, Richard A  |e author  |9 531924 
245 1 2 |a A handlist of rhetorical terms 
250 |a 3a. ed 
300 |a 205 p 
942 |c BK 
945 |d 20080904 00:00:00  |a jtorresc 
260 |a Berkeley  |b University of California  |c 1991 
650 0 |a Retórica   |9 266620 
583 |a last modification  |c 20171220 05:52:34  |k Rodrigo Vera 
999 |c 331331  |d 331329 
952 |0 0  |1 0  |4 0  |6 808_000000000000000_LAN_1991  |7 0  |8 A  |9 417747  |a FDOPOS  |b FDOPOS  |d 2019-11-22  |i 4476786  |o 808 LAN 1991  |p 4476786  |r 2025-01-22  |w 2019-11-22  |y BK  |k MLA